MARC

LEADER 00000nam0a2200000 4500
001 42609
005 20260410162210.0
035 |a (RuTPU)RU\TPU\book\43944 
090 |a 42609 
100 |a 20020912d2002 m y0rusy50 ca 
101 0 |a rus 
102 |a RU 
105 |a a j 001zy 
200 1 |a Информационные технологии в управлении  |e учебное пособие  |f А. П. Першина  |g Томский политехнический университет 
210 |a Томск  |c Изд-во ТПУ  |d 2002 
215 |a 151 с.  |c ил. 
320 |a Библиогр.: с. 148-149 
451 1 |0 (RuTPU)RU\TPU\book\70267  |t Информационно-компьютерные технологии в управлении  |o учебное пособие  |f А. П. Першина, О. В. Марухина  |g Томский политехнический университет  |e 2-е изд., стереотип.  |c Томск  |n Изд-во ТПУ  |d 2005  |p 148 с.  |a Першина, Альбина Петровна 
451 1 |0 (RuTPU)RU\TPU\book\39259  |t Информационные технологии в экономике  |o учебное пособие  |f В. Г. Ротарь, А. П. Першина   |g Томский политехнический университет  |c Томск  |n Изд-во ТПУ  |d 2001  |p 105 с.  |a Ротарь, Виктор Григорьевич 
606 1 |a Управленческая деятельность  |x Информационные технологии  |2 stltpush  |3 (RuTPU)RU\TPU\subj\71853  |9 85568 
610 1 |a экономика 
610 1 |a управление 
610 1 |a информационные технологии 
610 1 |a дистанционное образование 
610 1 |a учебные пособия 
675 |a 681.3.01(075.8)  |v 3 
686 |a У9(2)212.8  |2 rubbk 
700 1 |a Першина  |b А. П.  |c специалист в области информатики и вычислительной техники  |c старший преподаватель Томского политехнического университета  |f 1948-  |g Альбина Петровна  |3 (RuTPU)RU\TPU\pers\24508  |9 10827 
712 0 2 |a Томский политехнический университет  |3 (RuTPU)RU\TPU\col\376 
801 1 |a RU  |b 63413507  |c 20020912  |g PSBO 
801 2 |a RU  |b 63413507  |c 20230323  |g PSBO 
942 |c BK